000 00260nam a2200109Ia 4500
008 190907s9999||||xx |||||||||||||| ||und||
100 _aDavid M. Burton
245 0 _aElementary Number Theory
260 _aUSA
_bMarcel Dekker
_c1998
300 _a386
942 _cBK
999 _c6600
_d6600